Größte Städte in Sachsen-Anhalt nach Buchstabe - Statistiken

Allgemein
  • Dieses Quiz wurde 52 mal gespielt
  • Das Durchschnittsergebnis liegt bei 10 aus 24
Antwortstatistiken
Hint Antwort % Korrekt
M Magdeburg
98%
H Halle
95%
D Dessau-Roßlau
91%
Q Quedlinburg
79%
N Naumburg
65%
S Stendal
65%
W Weißenfels
58%
Z Zeitz
58%
A Aschersleben
56%
K Köthen
56%
L Lutherstadt Wittenberg
56%
B Bitterfeld-Wolfen
44%
O Oschersleben
44%
G Gardelegen
28%
J Jessen
28%
I Ilsenburg
26%
T Thale
26%
C Coswig
14%
F Falkenstein/Harz
7%
R Raguhn-Jeßnitz
7%
E Egeln
2%
P Petersberg
2%
U Ummendorf
0%
V Völpke
0%
Keine übereinstimmenden Quizze gefunden
Verteilung der Resultate
Anzahl Personen mit jedem Resultat
Perzentil nach korrekt beantworteten Fragen
Ihre Resultats-Entwicklung
Sie haben dieses Quiz noch nicht gespielt